[Event "FIDE Youth Super Final U14 g"]
[Site "Tornelo INT"]
[Date "2021.12.22"]
[Round "10"]
[White "Contreras Huaman, Fiorella Daiana"]
[Black "Nguyen, Linh Dan"]
[Result "1-0"]
[WhiteElo "1931"]
[BlackElo "1413"]
[PlyCount "69"]
[EventDate "2021.12.18"]
[EventType "tourn (rapid)"]
[EventRounds "10"]
[EventCountry "NET"]
[SourceTitle "EXT 2023"]
[Source "ChessBase"]
[SourceDate "2022.10.05"]
[SourceVersion "1"]
[SourceVersionDate "2022.10.05"]
[SourceQuality "1"]

1. e4 c5 2. Nc3 Nc6 3. g3 g6 4. Bg2 Bg7 5. d3 d6 6. Nge2 e6 7. Be3 Nd4 8. 0-0 Ne7 9. f4 0-0 10. g4 f5 11. h3 Rb8 12. Ng3 b5 13. Qd2 Bd7 14. Nd1 b4 15. Nf2 a5 16. Rac1 a4 17. c3 b3 18. a3 Nc2 19. Bf3 Nxe3 20. Qxe3 Bh6 21. exf5 exf5 22. g5 Bg7 23. d4 c4 24. d5 Re8 25. Rfe1 Nc8 26. Qd2 Nb6 27. Ne2 h6 28. h4 hxg5 29. hxg5 Qc7 30. Nd4 Rxe1+ 31. Rxe1 Re8 32. Rxe8+ Bxe8 33. Ne6 Qb7 34. Nxg7 Qxg7 35. Qe3 1-0

[Event "FIDE Youth Super Final U14 g"]
[Site "Tornelo INT"]
[Date "2021.12.20"]
[Round "6"]
[White "Kleymenova, Valeria"]
[Black "Nguyen, Linh Dan"]
[Result "0-1"]
[WhiteElo "2024"]
[BlackElo "1413"]
[PlyCount "110"]
[EventDate "2021.12.18"]
[EventType "tourn (rapid)"]
[EventRounds "10"]
[EventCountry "NET"]
[SourceTitle "EXT 2023"]
[Source "ChessBase"]
[SourceDate "2022.10.05"]
[SourceVersion "1"]
[SourceVersionDate "2022.10.05"]
[SourceQuality "1"]

1. d4 f5 2. Nf3 g6 3. g3 Nf6 4. Bg2 Bg7 5. b3 0-0 6. Bb2 d6 7. 0-0 e6 8. c4 Qe7 9. Qc2 Nc6 10. Nc3 e5 11. dxe5 Nxe5 12. Nd4 Rb8 13. Rad1 Bd7 14. Ba3 a6 15. c5 d5 16. Nxd5 Nxd5 17. Bxd5+ Kh8 18. Bb2 c6 19. Bg2 f4 20. Nf3 Bf5 21. Qc1 fxg3 22. hxg3 Nxf3+ 23. Bxf3 Rbd8 24. Bxg7+ Qxg7 25. Qc4 Qe5 26. b4 Be6 27. Qc2 Kg7 28. a4 h5 29. Qe4 Qxe4 30. Bxe4 Bb3 31. Rd3 Bxa4 32. Ra1 Bb5 33. Rd6 Rxd6 34. cxd6 Rd8 35. Rd1 Bxe2 36. Rd2 Bc4 37. f4 Kf6 38. Bg2 Bd5 39. Kf2 Rxd6 40. Bh3 Rd8 41. Bg2 Re8 42. Bf1 Re4 43. Rb2 h4 44. Bg2 hxg3+ 45. Kxg3 Rd4 46. Bf1 b5 47. Be2 Kf5 48. Bg4+ Ke4 49. Re2+ Kd3 50. Re5 Kc3 51. Be6 Kxb4 52. Bd7 a5 53. Rg5 Be4 54. Be8 Rd6 55. Re5 Bf5 0-1

[Event "Eastern Asia-ch U14 Girls"]
[Site "Tornelo INT"]
[Date "2021.10.22"]
[Round "2"]
[White "Nguyen, Linh Dan"]
[Black "Pragnya, HG."]
[Result "1-0"]
[WhiteElo "1474"]
[BlackElo "1244"]
[PlyCount "57"]
[EventDate "2021.10.22"]
[EventType "swiss"]
[EventRounds "9"]
[EventCountry "NET"]
[SourceTitle "EXT 2023"]
[Source "ChessBase"]
[SourceDate "2022.10.05"]
[SourceVersion "1"]
[SourceVersionDate "2022.10.05"]
[SourceQuality "1"]

1. e4 c5 2. d3 Nc6 3. g3 g6 4. Bg2 d6 5. f4 Bg7 6. Nf3 e5 7. 0-0 Nge7 8. Nc3 0-0 9. h3 h6 10. Be3 Nd4 11. Qd2 Kh7 12. Ne2 Nxf3+ 13. Rxf3 f5 14. fxe5 dxe5 15. Bxc5 fxe4 16. Rxf8 Bxf8 17. Rf1 exd3 18. Qxd3 Qxd3 19. cxd3 Kg7 20. d4 Be6 21. dxe5 Bc4 22. Re1 Nc6 23. Bxf8+ Rxf8 24. b3 Bxe2 25. Rxe2 Nd4 26. Rd2 Nf3+ 27. Bxf3 Rxf3 28. Rd7+ Rf7 29. e6 1-0

[Event "Wch U12 Girls blitz"]
[Site "Minsk"]
[Date "2018.06.24"]
[Round "7"]
[White "Nguyen, Linh Dan"]
[Black "Alekseenko, Mariya"]
[Result "1/2-1/2"]
[WhiteElo "1407"]
[BlackElo "1524"]
[PlyCount "92"]
[EventDate "2018.06.24"]
[EventType "swiss (blitz)"]
[EventRounds "9"]
[EventCountry "BLR"]
[SourceTitle "EXT 2019"]
[Source "ChessBase"]
[SourceDate "2018.10.10"]
[SourceVersion "1"]
[SourceVersionDate "2018.10.10"]
[SourceQuality "1"]

1. e4 Nf6 2. e5 Nd5 3. c4 Nb6 4. d4 d6 5. exd6 cxd6 6. Nf3 g6 7. Nc3 Bg7 8. Be2 0-0 9. 0-0 Nc6 10. Be3 a6 11. Rc1 Qc7 12. h3 Re8 13. d5 Ne5 14. Nxe5 Bxe5 15. b3 Nd7 16. Bd4 Bxd4 17. Qxd4 Nf6 18. Bf3 Bf5 19. Rfe1 Rad8 20. Ne4 Bxe4 21. Bxe4 Nd7 22. b4 b6 23. Kh1 Rc8 24. Rc2 a5 25. a3 Ra8 26. Rce2 Rab8 27. f4 axb4 28. axb4 b5 29. cxb5 Rxb5 30. Bd3 Qb6 31. Qxb6 Rxb6 32. Rxe7 Rxe7 33. Rxe7 Nf6 34. b5 Nxd5 35. Re4 Kg7 36. Bc4 Nc3 37. Re7 d5 38. Bd3 Kf6 39. Re1 d4 40. g4 Nd5 41. Re4 Kg7 42. Rxd4 Nc7 43. Rb4 Nd5 44. Rd4 Nc7 45. Rb4 Nd5 46. Rd4 Nc7 1/2-1/2

[Event "Wch U12 Girls blitz"]
[Site "Minsk"]
[Date "2018.06.24"]
[Round "9"]
[White "Nguyen, Linh Dan"]
[Black "Osmolovska, Yevheniia"]
[Result "0-1"]
[WhiteElo "1407"]
[BlackElo "1421"]
[PlyCount "66"]
[EventDate "2018.06.24"]
[EventType "swiss (blitz)"]
[EventRounds "9"]
[EventCountry "BLR"]
[SourceTitle "EXT 2019"]
[Source "ChessBase"]
[SourceDate "2018.10.10"]
[SourceVersion "1"]
[SourceVersionDate "2018.10.10"]
[SourceQuality "1"]

1. e4 c5 2. Nf3 e6 3. d4 cxd4 4. Nxd4 a6 5. Nc3 Qc7 6. g3 Bb4 7. Bd2 Nf6 8. Bg2 0-0 9. 0-0 Nc6 10. Nxc6 dxc6 11. a3 Bc5 12. Bg5 Be7 13. Qe2 e5 14. Kh1 h6 15. Bxf6 Bxf6 16. f4 b5 17. f5 Rd8 18. Rad1 Bb7 19. g4 a5 20. Qf2 b4 21. axb4 axb4 22. Ne2 Ra2 23. Ng1 Rxb2 24. Qc5 Be7 25. Qc4 Qb6 26. Rfe1 Ra8 27. Rd7 Ba6 28. Qb3 Rxb3 29. cxb3 Bc5 30. Nf3 Bd4 31. Nxd4 exd4 32. Rd1 Rd8 33. Rxd8+ Qxd8 0-1

[Event "Wch U12 Girls blitz"]
[Site "Minsk"]
[Date "2018.06.24"]
[Round "2"]
[White "Nguyen, Linh Dan"]
[Black "Shubenkova, Veronika"]
[Result "1-0"]
[WhiteElo "1407"]
[BlackElo "1554"]
[PlyCount "117"]
[EventDate "2018.06.24"]
[EventType "swiss (blitz)"]
[EventRounds "9"]
[EventCountry "BLR"]
[SourceTitle "EXT 2019"]
[Source "ChessBase"]
[SourceDate "2018.10.10"]
[SourceVersion "1"]
[SourceVersionDate "2018.10.10"]
[SourceQuality "1"]

1. e4 b6 2. d4 Bb7 3. Nc3 Nf6 4. d5 d6 5. Be3 e6 6. Nf3 Be7 7. Bc4 exd5 8. exd5 0-0 9. 0-0 Nbd7 10. Bb3 Nc5 11. Qd4 Nxb3 12. axb3 Nd7 13. Qd2 a5 14. Nd4 Bf6 15. Nf5 Ne5 16. h3 Qd7 17. Ng3 Rfe8 18. Kh1 Ba6 19. Rfe1 Bb7 20. Bg5 Bxg5 21. Qxg5 Ng6 22. Qd2 c6 23. dxc6 Qxc6 24. f3 d5 25. Qd4 Qc5 26. Qxc5 bxc5 27. Nb5 Rxe1+ 28. Rxe1 h6 29. Nf5 Ba6 30. Nc7 Ra7 31. Nxd5 a4 32. bxa4 Bc4 33. Nb6 Be6 34. Nd6 Ra6 35. Ndc4 Bxc4 36. Nxc4 Rxa4 37. b3 Ra2 38. Ne3 Rb2 39. Rd1 Kh7 40. Rd7 Ne5 41. Rc7 c4 42. bxc4 f6 43. f4 Ng6 44. g3 Rb1+ 45. Kg2 Nf8 46. Nf5 Ne6 47. Re7 Nc5 48. Rxg7+ Kh8 49. Rc7 Ne4 50. Kf3 Nd2+ 51. Kg4 Rb4 52. c5 Rc4 53. c6 Rxc2 54. Rc8+ Kh7 55. Rc7+ Kh8 56. Kh5 Ne4 57. Kxh6 Kg8 58. Kg6 Kf8 59. Rc8# 1-0

[Event "Wch U12 Girls rapid"]
[Site "Minsk"]
[Date "2018.06.23"]
[Round "6"]
[White "Nguyen, Linh Dan"]
[Black "Gaal, Zsoka"]
[Result "0-1"]
[WhiteElo "1405"]
[BlackElo "1651"]
[PlyCount "138"]
[EventDate "2018.06.22"]
[EventType "swiss (rapid)"]
[EventRounds "9"]
[EventCountry "BLR"]
[SourceTitle "EXT 2019"]
[Source "ChessBase"]
[SourceDate "2018.10.10"]
[SourceVersion "1"]
[SourceVersionDate "2018.10.10"]
[SourceQuality "1"]

1. e4 c5 2. Nf3 Nc6 3. d4 cxd4 4. Nxd4 g6 5. Be3 Bg7 6. g3 Nf6 7. Bg2 0-0 8. 0-0 Rb8 9. Nc3 d6 10. Rb1 Ng4 11. Nxc6 bxc6 12. Bxa7 Ra8 13. Bd4 e5 14. Be3 Nxe3 15. fxe3 Ba6 16. Re1 Qc7 17. Qf3 Rab8 18. g4 Rb7 19. Bf1 Bxf1 20. Rxf1 Rfb8 21. b3 Qa5 22. Na4 Qc7 23. Rbd1 Rd8 24. c4 c5 25. Rd5 Qe7 26. Rfd1 Rbd7 27. Nc3 Qg5 28. Qg3 Bh6 29. R1d3 Qe7 30. Nb5 Ra8 31. a4 Ra6 32. h4 Bg7 33. Rd1 h6 34. Nc3 Bf6 35. Nb5 Bxh4 36. Qh3 Qf6 37. Qf1 Qg5 38. Qf3 h5 39. Rxd6 hxg4 40. Qe2 Rdxd6 41. Nxd6 g3 42. Qf3 Qe7 43. Nb5 Ra8 44. Nc3 Qe6 45. Nd5 Qh3 46. Qg2 Qxg2+ 47. Kxg2 Rb8 48. Rd3 f5 49. exf5 gxf5 50. Kh3 e4 51. Rd1 Bg5 52. Kxg3 Rxb3 53. Kf2 Ra3 54. Rg1 Ra2+ 55. Kg3 Kf7 56. Kh3 Bd8 57. Rf1 Ke6 58. Nf4+ Kd7 59. Ng6 Rxa4 60. Rxf5 Rxc4 61. Rd5+ Kc8 62. Ne5 Rc3 63. Nf7 Bb6 64. Nd6+ Kb8 65. Kg4 c4 66. Nxe4 Rxe3 67. Kf4 c3 68. Rb5 c2 69. Rxb6+ Kc7 0-1

[Event "VIE-ch U07 Girls"]
[Site "Ho Chi Minh City"]
[Date "2014.07.18"]
[Round "9"]
[White "Nguyen, Linh Dan"]
[Black "Dao, Ngoc Bao Thy"]
[Result "0-1"]
[WhiteElo "1436"]
[BlackElo "1422"]
[PlyCount "56"]
[EventDate "2014.07.13"]
[EventType "swiss"]
[EventRounds "9"]
[EventCountry "VIE"]
[SourceTitle "EXT 2016"]
[Source "ChessBase"]
[SourceDate "2015.10.08"]
[SourceVersion "1"]
[SourceVersionDate "2015.10.08"]
[SourceQuality "1"]

1. e4 e5 2. Nf3 Nc6 3. d4 exd4 4. Nxd4 Bc5 5. Nxc6 bxc6 6. Bc4 d6 7. e5 Qh4 8. Qe2 Bg4 9. Qd2 Bf3 10. Qf4 Qxf4 11. Bxf4 Bxg2 12. Rg1 Be4 13. exd6 cxd6 14. Rxg7 Bg6 15. Bd2 Kf8 16. Bc3 d5 17. Rxg6 hxg6 18. Bxh8 dxc4 19. Bc3 Nh6 20. h3 Re8+ 21. Kf1 Re4 22. Nd2 Rf4 23. f3 Nf5 24. Re1 Rh4 25. Ne4 Bb6 26. Ng5 Rh5 27. f4 Bd8 28. Nf3 Rxh3 0-1